Państwa według 3 znanych miast #1 - Statystyki

Ogólne statystyki
  • Ten quiz został rozwiązany 27 razy
  • Średni wynik to 10 z 15
Statystyki odpowiedzi
3 miasta Państwo % Poprawnych
Rio de Janeiro, Sao Paulo, ___ Brazylia
96%
Sligo, Dublin, Cork Irlandia
96%
Kowno, Wilno, Kłajpeda Litwa
96%
Budapeszt, Segedyn, Debreczyn Węgry
96%
Barranquilla, Cali, Bogota Kolumbia
88%
Tyraspol, Kiszyniów, Bielce Mołdawia
88%
Nisz, Belgrad, Nowy Sad Serbia
88%
Tacna, Cuzco, Lima Peru
84%
Auckland, Christchurch, Wellington Nowa Zelandia
72%
Ho Chi Minh, Hội An, Hanoi Wietnam
72%
Islamabad, Karaczi, Hajdarabad Pakistan
60%
Naypyidaw, Jangan, Sittwe Mjanma
32%
Georgetown, New Amsterdam, Linden Gujana
28%
Santa Ana, San Miguel, San ___ Salwador
24%
Bandżul, Bansang, Janjanbureh Gambia
20%
Nie znaleziono quizów pasujących do podanych kryteriów
Rozkład punktacji
Procent ludzi z każdym wynikiem
Percentyl według liczby udzielonych odpowiedzi
Twoja historia wyników
Nie rozwiązałeś tego quizu